| 000 | 02203nam a22002657 4500 | ||
|---|---|---|---|
| 999 |
_c865 _d865 |
||
| 003 | AR-BaISA | ||
| 005 | 20220413193612.0 | ||
| 007 | ta | ||
| 008 | 220413s1991 sp ad||| |||| 001 0 spa d | ||
| 020 | _a9788471123824 | ||
| 040 |
_bspa _cAR-BaISA |
||
| 082 | 0 | 4 |
_222 _a331.4 F519 |
| 245 | 0 | 0 |
_aLa mujer en el mundo del trabajo: _bperspectivas psicológicas y organizativas / _ccompiladores Jenny Firth-Cozens y Michael A. West; traducción de Guillermo Solana |
| 260 |
_aMadrid: _bMorata, _c1993 |
||
| 300 |
_a255 p.: _bil., gráfs., tablas |
||
| 504 | _aBibliografía al final de cada capítulo. | ||
| 504 | _aÍndice analítico p.: 242-254. | ||
| 505 |
_tCUESTIONES GENERALES: _tKate Osborne / El trabajo de las mujeres... nunca termina -- _tJanette Webb / Las relaciones de valoración diferenciadas según el género -- _tMarylin Aitkenhead y Sonia Liff / La eficacia de las políticas de igualdad de oportunidades -- _tNina L. Colwill y Susan Vinnicombe / Necesidades de formación para mujeres -- _tLOS PROBLEMAS TRADICIONALMENTE ASOCIADOS CON LAS MUJERES QUE TRABAJAN FUERA DEL HOGAR: _tJanet E. Stockdale / Acoso sexual en el trabajo -- _tJacqueline Bates Gaston / El sistema femenino de reproducción y el trabajo -- _tRosalind S. Bramwell y Marylin J. Davidson / Riesgos laborales de la reproducción -- _tDaphne F. Jackson / Problemas con que se enfrentan las mujeres cualificadas que se reincorporan al trabajo -- _tEXPERIENCIAS FEMENINAS EN PROFESIONES ESPECÍFICAS: _tSandra M. Simpson / Trabajadoras autónomas -- _tJenny Firth-Cozens / Mujeres médicas -- _tPeggy Newton / Informática: ¿una profesión ideal para mujeres? -- _tBeverly Alban-Metcalfe y Michael A. West / Mujeres ejecutivas -- _tCatherine Cassel / La mujer ante el procesador de textos: tecnología y cambio en la oficina -- _tLouise Ricklander / Las mujeres y la política -- _tJenny Firth-Cozens y Michael A. West / Mujeres que trabajan: reflexiones y perspectivas |
||
| 650 | 1 | 0 |
_92055 _aMujeres trabajadoras |
| 650 | 1 | 0 |
_91762 _aPsicología del trabajo |
| 700 | 1 |
_92053 _aFirth-Cozens, Jenny _ecomp. |
|
| 700 | 1 |
_92054 _aWest, Michael A. _ecomp. |
|
| 700 | 1 |
_92056 _aSolana, Guillermo _4trad. |
|
| 942 |
_2ddc _cLI _e22 |
||